[Event "Timbo op 2nd"]
[Site "Timbo"]
[Date "2022.02.18"]
[Round "2"]
[White "Esteche, Caina Rinaldi"]
[Black "Volkmann, Andre Jordi"]
[Result "0-1"]
[WhiteElo "1735"]
[BlackElo "2097"]
[PlyCount "78"]
[EventDate "2022.02.17"]
[EventType "swiss"]
[EventRounds "7"]
[EventCountry "BRA"]
[SourceTitle "EXT 2023"]
[Source "ChessBase"]
[SourceDate "2022.10.05"]
[SourceVersion "1"]
[SourceVersionDate "2022.10.05"]
[SourceQuality "1"]

1. c4 Nf6 2. Nc3 e6 3. e4 d5 4. cxd5 exd5 5. exd5 Nxd5 6. Bc4 Nb6 7. Bb3 Be7 8. Qh5 0-0 9. Nge2 c5 10. Bc2 g6 11. Qf3 Nc6 12. 0-0 Be6 13. Bb1 Qd7 14. h3 f5 15. Nf4 Nd4 16. Qd1 Bf7 17. d3 Bf6 18. Bc2 Rad8 19. Be3 Rfe8 20. Bxd4 Qxd4 21. Nfe2 Qh4 22. Qc1 Re7 23. Ng3 Rde8 24. Bb3 Bxb3 25. axb3 Bd4 26. Kh2 a6 27. Na4 Nxa4 28. Rxa4 Qf6 29. b4 b5 30. Ra5 cxb4 31. Qa1 Re6 32. Qa2 Kg7 33. Qb3 Bxb2 34. Qd5 Ba3 35. Qd7+ R8e7 36. Qc8 Qf8 37. Qc5 Qb8 38. Rd1 h5 39. h4 Qf4 0-1

[Event "Florianopolis op 8th"]
[Site "Florianopolis"]
[Date "2022.01.25"]
[Round "2"]
[White "Esteche, Caina Rinaldi"]
[Black "Lessa, Francisco Adilio"]
[Result "1-0"]
[WhiteElo "1735"]
[BlackElo "1268"]
[PlyCount "53"]
[EventDate "2022.01.24"]
[EventType "swiss"]
[EventRounds "10"]
[EventCountry "BRA"]
[SourceTitle "EXT 2023"]
[Source "ChessBase"]
[SourceDate "2022.10.05"]
[SourceVersion "1"]
[SourceVersionDate "2022.10.05"]
[SourceQuality "1"]

1. d4 Nf6 2. c4 g6 3. Nc3 d5 4. Nf3 Bg7 5. h4 h5 6. Bg5 dxc4 7. e4 0-0 8. Bxc4 c5 9. d5 a6 10. a4 Qa5 11. Qd2 b5 12. Bd3 c4 13. Bc2 b4 14. Ne2 Nxe4 15. Bxe4 c3 16. bxc3 bxc3 17. Qc2 Nd7 18. 0-0 Nc5 19. Bxe7 Re8 20. d6 Nxe4 21. Qxe4 Bf5 22. Qc6 Rac8 23. d7 Bxd7 24. Qxd7 c2 25. Ng5 Bxa1 26. Bd8 Qxg5 27. Qxe8+ 1-0

[Event "Timbo op"]
[Site "Timbo"]
[Date "2021.06.13"]
[Round "6"]
[White "Esteche, Caina Rinaldi"]
[Black "Da Cunha, Matheus Mengarda"]
[Result "1-0"]
[WhiteElo "1608"]
[BlackElo "1291"]
[PlyCount "54"]
[EventDate "2021.06.11"]
[EventType "swiss"]
[EventRounds "6"]
[EventCountry "BRA"]
[SourceTitle "EXT 2022"]
[Source "ChessBase"]
[SourceDate "2021.10.06"]
[SourceVersion "1"]
[SourceVersionDate "2021.10.06"]
[SourceQuality "1"]

1. c4 e5 2. Nc3 Bc5 3. g3 Nf6 4. Nf3 Nc6 5. Bg2 d6 6. 0-0 0-0 7. d3 a6 8. a3 Bg4 9. h3 Be6 10. b4 Ba7 11. Bb2 Nd4 12. Nxd4 Bxd4 13. Kh2 Rb8 14. Rc1 b5 15. cxb5 Bxc3 16. Rxc3 Rxb5 17. Qc2 Bd5 18. Rxc7 Bxg2 19. Kxg2 Qa8+ 20. e4 d5 21. Qc6 dxe4 22. Qxa8 Rxa8 23. dxe4 Nxe4 24. Re1 Ng5 25. Rxe5 Rxe5 26. Bxe5 Ne6 27. Rc6 f6 1-0